000 00355nam a2200133Ia 4500
008 230524s9999 xx 000 0 und d
020 _a9788190627856
100 _aGagan Jain
_936637
245 0 _aFamous People''s Famous Speeches
260 _bMaanu Graphics
500 _aQuantity Number: 1
650 _aPersonality Development
_936638
942 _cBK
999 _c50677
_d50677